| 000 | 00454nam a22001337a 4500 | ||
|---|---|---|---|
| 005 | 20241212102731.0 | ||
| 008 | 240924b ||||| |||| 00| 0 eng d | ||
| 100 |
_aFranche, Dollie G. _eauthor. _914840 |
||
| 245 |
_aInquiry approach / _cDollie G. Franche. |
||
| 260 |
_aPhilippines; _bPublishers Association of the Philippines, Inc., _cJuly 2018. |
||
| 300 | _aVolume 66, pages 46-48. | ||
| 700 |
_aFranche, Dollie G. _eauthor. _914840 |
||
| 942 |
_2ddc _cPER |
||
| 999 |
_c21817 _d21817 |
||